00786 a2200217 45000010006000000050017000060080041000230030015000640400040000790800022001192450096001412640043002373000019002805050121002991000026004207000025004467000029004717000024005007000027005247000017005512830320260407155555.0260407a1980 arg spa dAR-UNSa-BCEJYS aAR-UNSa-BCEJYSbspacAR-UNSa-BCEJYS a657xContabilidad10aReplanteo de la técnica contablepSu estructura básica, su acercamiento a la economía 1aBuenos Aires :bEdiciones Macchic1980 a202 p.c23 cm. a1. Introducción - 2. Antecedentes - 3. Metodología de la investigación - 4. Desarrollo de la investigación.1 aLattuca, Antonio Juan1 aFortini, Hernando L.1 aLópez Santiso, Horacio1 aLuppi, Hugo Alberto1 aSlosse, Carlos Alberto1 aUrriza, Jose